[Event "74th UKR-ch"]
[Site "Rivne UKR"]
[Date "2005.08.28"]
[Round "3.3"]
[White "Neverov, Valeriy"]
[WhiteElo "2572"]
[Black "Kruppa, Yury"]
[BlackElo "2525"]
[Result "1-0"]
[EventDate "2005.08.??"]
[PlyCount "125"]

1. d4 Nf6 2. c4 g6 3. Nf3 Bg7 4. g3 c6 5. Bg2 d5 6. b3 dxc4 7. bxc4 c5 8. e3 O-O 9. O-O Nbd7 10. Bb2 cxd4 11. exd4 Nb6 12. Nbd2 Bd7 13. Rc1 Bc6 14. d5 Ba4 15. Qe2 Re8 16. Nb3 Rc8 17. Rfd1 Nbd7 18. Ne5 Qb6 19. Bd4 Qa6 20. Qb2 Nxe5 21. Bxe5 Rxc4 22. d6 Rxc1 23. Rxc1 Qb6 24. Nc5 Qxb2 25. Bxb2 Bb5 26. Nxb7 Nd7 27. Ba3 e5 28. Bc6 Bxc6 29. Rxc6 e4 30. Rc7 e3 31. fxe3 Rxe3 32. Rxd7 Bd4 33. Kf1 Rxa3 34. Re7 Bb6 35. d7 Rxa2 36. Re2 Ra1+ 37. Kg2 Rg1+ 38. Kh3 Rd1 39. Re8+ Kg7 40. d8=Q Bxd8 41. Nxd8 a5 42. Nc6 a4 43. Ra8 Ra1 44. Ra7 Kf6 45. Nd8 a3 46. Rxf7+ Ke5 47. Ra7 h5 48. Kh4 Kf5 49. Ra5+ Kf6 50. Ra6+ Kf5 51. Ne6 a2 52. Ng7+ Ke4 53. Kg5 Kd3 54. Kxg6 h4 55. g4 h3 56. g5 Ke2 57. Ne6 Kf3 58. Kh6 Re1 59. Rxa2 Rxe6+ 60. g6 Re8 61. g7 Rg8 62. Kh7 Rxg7+ 63. Kxg7 1-0

[Event "74th UKR-ch"]
[Site "Rivne UKR"]
[Date "2005.08.29"]
[Round "3.4"]
[White "Neverov, Valeriy"]
[WhiteElo "2572"]
[Black "Kruppa, Yury"]
[BlackElo "2525"]
[Result "1/2-1/2"]
[EventDate "2005.08.??"]
[PlyCount "80"]

1. d4 Nf6 2. c4 g6 3. Nc3 Bg7 4. e4 O-O 5. Nge2 d6 6. Ng3 Nbd7 7. Be2 c6 8. Be3 a6 9. f4 e5 10. dxe5 dxe5 11. f5 Qe7 12. Qd2 b5 13. O-O-O Rd8 14. Qd6 Qxd6 15. Rxd6 Bb7 16. Rhd1 Bf8 17. R6d2 Be7 18. a3 h5 19. Nh1 Nf8 20. Nf2 Rxd2 21. Rxd2 N8d7 22. h3 b4 23. axb4 Bxb4 24. g4 Bc5 25. Bxc5 Nxc5 26. Kc2 a5 27. g5 Nfd7 28. Rd6 Kf8 29. f6 Ke8 30. h4 Ne6 31. Nd3 Nec5 32. b3 Nxd3 33. Bxd3 Nc5 34. Na4 Nxa4 35. bxa4 Rd8 36. c5 Rxd6 37. cxd6 Bc8 38. Bc4 Bh3 39. Kc3 Bg4 40. Bb3 Bh3 1/2-1/2

[Event "74th UKR-ch"]
[Site "Rivne UKR"]
[Date "2005.08.30"]
[Round "4.1"]
[White "Borovikov, Vladislav"]
[WhiteElo "2595"]
[Black "Areschenko, Alexander"]
[BlackElo "2625"]
[Result "1-0"]
[EventDate "2005.08.??"]
[PlyCount "71"]

1. d4 Nf6 2. Nf3 g6 3. c4 Bg7 4. g3 d5 5. cxd5 Nxd5 6. Bg2 Nb6 7. Nc3 Nc6 8. e3 O-O 9. O-O Re8 10. d5 Na5 11. Nd4 Bd7 12. e4 c6 13. Re1 Rc8 14. Bf4 cxd5 15. exd5 Nac4 16. b3 Nb2 17. Qd2 N6c4 18. bxc4 Nxc4 19. Qd3 Nb2 20. Qe3 Nc4 21. Qe4 f5 22. Qd3 Nb2 23. Qd2 Nc4 24. Qd1 Nb2 25. Qb3 Bxd4 26. d6+ e6 27. Nd5 Ba4 28. Qb4 Rc4 29. Qd2 Kf7 30. Rac1 e5 31. Nc7 Rxc1 32. Bd5+ Kg7 33. Rxc1 Nd1 34. Nxe8+ Qxe8 35. Rc7+ Kh8 36. Re7 1-0

[Event "74th UKR-ch"]
[Site "Rivne UKR"]
[Date "2005.08.31"]
[Round "4.2"]
[White "Areschenko, Alexander"]
[WhiteElo "2625"]
[Black "Borovikov, Vladislav"]
[BlackElo "2595"]
[Result "1-0"]
[EventDate "2005.08.??"]
[PlyCount "131"]

1. e4 c5 2. Nf3 d6 3. d4 cxd4 4. Nxd4 Nf6 5. Nc3 a6 6. Be3 e5 7. Nb3 Be6 8. f3 Nbd7 9. g4 Nb6 10. g5 Nh5 11. Qd2 Be7 12. O-O-O O-O 13. Rg1 Rc8 14. h4 g6 15. Kb1 Qc7 16. Qf2 Nc4 17. Bxc4 Qxc4 18. f4 exf4 19. Bxf4 Nxf4 20. Qxf4 f6 21. Qh2 fxg5 22. hxg5 Rf7 23. Nd4 Rc5 24. Nxe6 Qxe6 25. Qd2 Re5 26. Rg3 Qc4 27. a3 Rf1 28. Rxf1 Qxf1+ 29. Ka2 Qc4+ 30. b3 Qe6 31. Nd5 Rxe4 32. Rc3 Bd8 33. Nf6+ Bxf6 34. gxf6 Qxf6 35. Qd5+ Kg7 36. Rc8 Re7 37. Rg8+ Kh6 38. Qd2+ Kh5 39. Rd8 Re1 40. Qxe1 Qxd8 41. Qh1+ Kg5 42. Qxb7 h5 43. Qxa6 h4 44. Qb7 Kh6 45. Qe4 d5 46. Qd4 Kh5 47. a4 h3 48. Qd1+ Kh6 49. Qg4 Qc7 50. Qxh3+ Kg7 51. Qd3 g5 52. c3 Qh2+ 53. Ka3 Qg1 54. a5 g4 55. Qxd5 g3 56. Qb7+ Kg6 57. Qb6+ Qxb6 58. axb6 g2 59. b7 g1=Q 60. b8=Q Qc5+ 61. Ka4 Qxc3 62. Qd6+ Kh7 63. b4 Qc2+ 64. Ka5 Qc3 65. Ka6 Qc8+ 66. Kb6 1-0

[Event "74th UKR-ch"]
[Site "Rivne UKR"]
[Date "2005.08.31"]
[Round "4.3"]
[White "Areschenko, Alexander"]
[WhiteElo "2625"]
[Black "Borovikov, Vladislav"]
[BlackElo "2595"]
[Result "1-0"]
[EventDate "2005.08.??"]
[PlyCount "85"]

1. e4 c5 2. Nf3 d6 3. d4 cxd4 4. Nxd4 Nf6 5. Nc3 a6 6. g3 e5 7. Nde2 Be7 8. Bg2 Nbd7 9. h3 b5 10. a3 Bb7 11. g4 Nb6 12. Ng3 g6 13. O-O Rc8 14. Bh6 Bf8 15. Qc1 Bxh6 16. Qxh6 Ng8 17. Qc1 Nf6 18. f4 O-O 19. f5 Nc4 20. Kh2 Kh8 21. g5 Nd7 22. h4 Qc7 23. Nd5 Bxd5 24. exd5 Qa7 25. Rf3 e4 26. Rf4 e3 27. h5 Nde5 28. b3 Nd2 29. Qb2 Qc5 30. Rc1 Qc3 31. Qxc3 Rxc3 32. Ne2 Rc7 33. Kg3 gxf5 34. Rxf5 Rfc8 35. Nd4 Rc3 36. Re1 Re8 37. Re2 Nb1 38. Rf6 Nxa3 39. Rxd6 a5 40. Rb6 a4 41. Nxb5 Rxc2 42. Rxe3 axb3 43. Nxa3 1-0

[Event "74th UKR-ch"]
[Site "Rivne UKR"]
[Date "2005.08.31"]
[Round "4.4"]
[White "Borovikov, Vladislav"]
[WhiteElo "2595"]
[Black "Areschenko, Alexander"]
[BlackElo "2625"]
[Result "1-0"]
[EventDate "2005.08.??"]
[PlyCount "104"]

1. d4 Nf6 2. Nf3 g6 3. c4 Bg7 4. g3 d5 5. cxd5 Nxd5 6. Bg2 Nb6 7. Nc3 Nc6 8. e3 O-O 9. O-O Re8 10. d5 Na5 11. Nd4 Bd7 12. e4 Rc8 13. Bf4 c5 14. Nf3 e5 15. Bg5 f6 16. Bc1 Nbc4 17. b3 Nd6 18. a4 c4 19. Ba3 Bf8 20. b4 Nb3 21. Ra2 b5 22. axb5 Nxb5 23. Nxb5 Bxb5 24. Bc1 Nxc1 25. Qxc1 c3 26. Re1 Qb6 27. Qa3 a6 28. Rc1 Bc4 29. Rxc3 Bxa2 30. Rxc8 Rxc8 31. Qxa2 Bd6 32. Bf1 Qxb4 33. Qxa6 Rc2 34. Bd3 Rb2 35. Qc8+ Kg7 36. Qd7+ Be7 37. Kg2 Qd6 38. Qe8 Qc5 39. Kh3 Rxf2 40. Nh4 Rb2 41. Bc4 Bd6 42. Qd7+ Kh6 43. Qe6 Kg7 44. Qd7+ Kh6 45. Bf1 Rb8 46. Qe6 Qc8 47. Nf5+ Kg5 48. Nxd6 Qxe6+ 49. dxe6 f5 50. e7 fxe4 51. e8=Q Rxe8 52. Nxe8 h5 1-0

[Event "74th UKR-ch"]
[Site "Rivne UKR"]
[Date "2005.08.30"]
[Round "4.1"]
[White "Yefymenko, Zakhar"]
[WhiteElo "2643"]
[Black "Neverov, Valeriy"]
[BlackElo "2572"]
[Result "1-0"]
[EventDate "2005.08.??"]
[PlyCount "49"]

1. e4 c5 2. Nf3 d6 3. d4 cxd4 4. Nxd4 Nf6 5. Nc3 a6 6. Be2 e6 7. Be3 Be7 8. Qd2 Nc6 9. f4 O-O 10. O-O-O Bd7 11. g4 Nxd4 12. Qxd4 Bc6 13. g5 Nd7 14. h4 Rc8 15. Rhg1 Re8 16. f5 b5 17. a3 Bf8 18. f6 Qc7 19. h5 d5 20. exd5 Bxd5 21. Bd3 Qe5 22. g6 Rxc3 23. gxf7+ Kxf7 24. Bg6+ hxg6 25. hxg6+ 1-0

[Event "74th UKR-ch"]
[Site "Rivne UKR"]
[Date "2005.08.31"]
[Round "4.2"]
[White "Neverov, Valeriy"]
[WhiteElo "2572"]
[Black "Yefymenko, Zakhar"]
[BlackElo "2643"]
[Result "1-0"]
[EventDate "2005.08.??"]
[PlyCount "135"]

1. c4 e6 2. Nf3 Nf6 3. g3 d5 4. b3 Be7 5. Bg2 O-O 6. O-O c5 7. Bb2 Nc6 8. e3 dxc4 9. bxc4 Qd3 10. Qb3 Rd8 11. Rd1 a6 12. Qxd3 Rxd3 13. Nc3 Rd8 14. Rab1 Rb8 15. Na4 Bd7 16. Nb6 Bd6 17. d4 cxd4 18. exd4 Be8 19. d5 exd5 20. cxd5 Ne7 21. Ne5 Nc8 22. Nbc4 Bb5 23. Nxd6 Nxd6 24. Ba3 Rbc8 25. Rdc1 Nfe8 26. Bh3 Rxc1+ 27. Rxc1 Ne4 28. Bg2 Rxd5 29. Nxf7 N8f6 30. f3 Nxg3 31. Nh6+ gxh6 32. hxg3 Bc6 33. Bb2 Kf7 34. Rc2 Rd3 35. Kf2 h5 36. Bc1 Nd7 37. Bf4 Nf8 38. Be3 Ne6 39. Bf1 Rd6 40. Bc4 Kf6 41. Bc1 Ng5 42. Ba3 Rd7 43. Be2 Kg6 44. Bc1 Rf7 45. Bxg5 Kxg5 46. f4+ Kg6 47. Rc5 Rd7 48. Rg5+ Kf6 49. Rxh5 Be4 50. g4 Rd2 51. a4 Bd3 52. Ke3 Rxe2+ 53. Kxd3 Re7 54. Rh6+ Kg7 55. Rb6 Kg8 56. Kd4 Kf7 57. a5 Kg8 58. Kd5 Kf8 59. f5 Kf7 60. g5 Rd7+ 61. Ke5 Kf8 62. Rf6+ Kg8 63. Rd6 Rc7 64. Ke6 Rc1 65. Rd8+ Kg7 66. f6+ Kg6 67. Rg8+ Kh5 68. f7 1-0

[Event "74th UKR-ch"]
[Site "Rivne UKR"]
[Date "2005.08.31"]
[Round "4.3"]
[White "Neverov, Valeriy"]
[WhiteElo "2572"]
[Black "Yefymenko, Zakhar"]
[BlackElo "2643"]
[Result "1/2-1/2"]
[EventDate "2005.08.??"]
[PlyCount "176"]

1. c4 Nf6 2. Nc3 g6 3. Nf3 Bg7 4. g3 O-O 5. Bg2 d6 6. O-O Nc6 7. b3 e5 8. Bb2 Bf5 9. h3 Re8 10. Kh2 e4 11. Ne1 h5 12. Nc2 Bd7 13. Ne3 Nd4 14. Qb1 Qc8 15. d3 exd3 16. Qxd3 c5 17. Rad1 Bc6 18. Ned5 Nxd5 19. Nxd5 Nf3+ 20. Bxf3 Bxb2 21. Nf4 Be5 22. Ng2 Rb8 23. Bxc6 Qxc6 24. h4 b5 25. Ne3 a6 26. Nd5 Bg7 27. e3 Rbd8 28. Rde1 bxc4 29. bxc4 Rb8 30. Rb1 Qa4 31. Qe2 Kh7 32. Kg2 Kh8 33. g4 Rxb1 34. Rxb1 Re4 35. gxh5 Qxc4 36. Qxc4 Rxc4 37. Rb7 Rxh4 38. hxg6 fxg6 39. f4 Rh5 40. e4 Bd4 41. Rd7 c4 42. Rxd6 c3 43. Rc6 Kg7 44. Rc4 c2 45. Rxc2 Rh8 46. Rc4 Bb2 47. Rc7+ Kh6 48. e5 g5 49. e6 gxf4 50. e7 Kg6 51. Kf3 Be5 52. Rd7 Kf7 53. Ke4 Bb8 54. a4 Re8 55. a5 Ke6 56. Rd8 Kf7 57. Kd4 f3 58. Ke3 Ba7+ 59. Kxf3 Bc5 60. Rd7 Bxe7 61. Ra7 Kf8 62. Rxa6 Bc5 63. Rf6+ Kg7 64. Rc6 Bd4 65. Rc4 Ra8 66. Ra4 Ba7 67. Ke4 Kf7 68. Kf5 Rd8 69. Ke4 Ke6 70. Nc7+ Kd7 71. Nb5 Bf2 72. Kd5 Rb8 73. Nc3 Be1 74. Ne4 Rb5+ 75. Nc5+ Kc7 76. a6 Kb6 77. a7 Rxc5+ 78. Ke4 Rc8 79. a8=Q Rxa8 80. Rxa8 Bg3 81. Kd5 Bc7 82. Kc4 Kb7 83. Rh8 Kb6 84. Rh6+ Kb7 85. Kc5 Ka8 86. Kc6 Bf4 87. Rh7 Bg3 88. Rh3 Bb8 1/2-1/2

[Event "74th UKR-ch"]
[Site "Rivne UKR"]
[Date "2005.08.31"]
[Round "4.4"]
[White "Yefymenko, Zakhar"]
[WhiteElo "2643"]
[Black "Neverov, Valeriy"]
[BlackElo "2572"]
[Result "1-0"]
[EventDate "2005.08.??"]
[PlyCount "113"]

1. e4 c5 2. Nf3 e6 3. d4 cxd4 4. Nxd4 a6 5. Be2 Qc7 6. O-O Nf6 7. Nc3 Nc6 8. Be3 Bb4 9. Na4 Be7 10. Nxc6 bxc6 11. Nb6 Rb8 12. Nxc8 Qxc8 13. Bd4 c5 14. Be5 Rb6 15. Qd3 d6 16. Bc3 O-O 17. b3 d5 18. exd5 Nxd5 19. Be5 Rd8 20. Qg3 Bf6 21. Bxf6 Nxf6 22. Rfd1 h6 23. h3 Rd5 24. Bc4 Rd7 25. Qe5 Qd8 26. Rxd7 Nxd7 27. Rd1 Qc8 28. Qf4 Nf6 29. a4 Ne8 30. Be2 Rc6 31. Qe5 Nf6 32. Bf3 Rc7 33. Rd6 Nd7 34. Qc3 c4 35. b4 Nf6 36. Qd4 Rd7 37. Rxd7 Nxd7 38. Qd6 Nf6 39. Qc6 Qd8 40. Qa8 Qxa8 41. Bxa8 Ne8 42. Bb7 Nc7 43. Kf1 Kf8 44. Ke2 Ke7 45. Kd2 Nd5 46. Bxd5 exd5 47. Kc3 Kd6 48. Kd4 Kc6 49. c3 f6 50. g4 g6 51. h4 h5 52. gxh5 gxh5 53. f3 Kd6 54. b5 a5 55. b6 Kc6 56. b7 Kxb7 57. Kxd5 1-0

[Event "74th UKR-ch"]
[Site "Rivne UKR"]
[Date "2005.09.01"]
[Round "5.1"]
[White "Areschenko, Alexander"]
[WhiteElo "2625"]
[Black "Yefymenko, Zakhar"]
[BlackElo "2643"]
[Result "1-0"]
[EventDate "2005.08.??"]
[PlyCount "93"]

1. e4 e6 2. d4 d5 3. Nc3 Bb4 4. e5 Ne7 5. a3 Bxc3+ 6. bxc3 c5 7. Qg4 O-O 8. Bd3 Nbc6 9. Qh5 Ng6 10. Nf3 Qc7 11. Be3 c4 12. Bxg6 fxg6 13. Qg4 Qf7 14. Ng5 Qe8 15. h4 h6 16. Nh3 b5 17. Qe2 Bd7 18. g4 a5 19. h5 gxh5 20. g5 hxg5 21. Nxg5 g6 22. Qf1 Ra7 23. Qg2 Rf5 24. Nf3 Qf7 25. Nh4 Kh7 26. Ke2 Be8 27. Rh3 Qf8 28. Rg3 Rg7 29. Nxf5 Qxf5 30. Kd2 Ne7 31. Bg5 Qf7 32. Bf6 Rg8 33. Bxe7 Qxe7 34. Rf3 Rf8 35. Kc1 Kh6 36. Kb2 g5 37. Rxf8 Qxf8 38. f4 g4 39. f5 Qxf5 40. Rf1 Qe4 41. Qd2+ Kh7 42. Rf4 Qh1 43. Rf8 Bg6 44. Qg5 Qe4 45. Qe7+ Kh6 46. Rh8+ Bh7 47. Qf8+ 1-0

[Event "74th UKR-ch"]
[Site "Rivne UKR"]
[Date "2005.09.02"]
[Round "5.2"]
[White "Yefymenko, Zakhar"]
[WhiteElo "2643"]
[Black "Areschenko, Alexander"]
[BlackElo "2625"]
[Result "1-0"]
[EventDate "2005.08.??"]
[PlyCount "59"]

1. e4 c5 2. Nf3 d6 3. d4 cxd4 4. Nxd4 Nf6 5. Nc3 a6 6. Bc4 e6 7. Bb3 Nc6 8. Be3 Be7 9. Qe2 Qc7 10. O-O-O Na5 11. g4 b5 12. g5 Nxb3+ 13. axb3 Nd7 14. h4 b4 15. Na4 Nc5 16. h5 Bd7 17. Kb1 Bxa4 18. bxa4 Nxa4 19. g6 Bf6 20. f4 O-O 21. h6 hxg6 22. f5 Rfb8 23. hxg7 Bxg7 24. fxg6 f5 25. Rh7 Ra7 26. exf5 Qa5 27. Qc4 Qe5 28. Qxe6+ Qxe6 29. Nxe6 Nxb2 30. Rxg7+ 1-0

[Event "74th UKR-ch"]
[Site "Rivne UKR"]
[Date "2005.09.02"]
[Round "5.3"]
[White "Areschenko, Alexander"]
[WhiteElo "2625"]
[Black "Yefymenko, Zakhar"]
[BlackElo "2643"]
[Result "1-0"]
[EventDate "2005.08.??"]
[PlyCount "87"]

1. e4 c5 2. Nf3 d6 3. d4 cxd4 4. Nxd4 Nf6 5. Nc3 a6 6. Be2 e5 7. Nb3 Be7 8. O-O O-O 9. Be3 Be6 10. Qd3 Nbd7 11. Nd5 Bxd5 12. exd5 Nc5 13. Qd2 Nfe4 14. Qb4 a5 15. Qb5 Qc7 16. Rfd1 b6 17. f3 Nf6 18. Qc4 Qb7 19. Nxc5 bxc5 20. Qb3 Qc7 21. Bb5 Nh5 22. Qc4 f5 23. c3 Rab8 24. b4 Kh8 25. Rab1 Nf4 26. bxc5 dxc5 27. Bxf4 exf4 28. Re1 Bd6 29. Re6 Rbd8 30. a4 Rb8 31. Rbe1 Rbd8 32. Qe2 Qf7 33. c4 Qc7 34. Qb2 Kg8 35. h4 Rf7 36. Qe2 Rdf8 37. h5 Rf6 38. Rxf6 Rxf6 39. Qe8+ Bf8 40. Bd7 Qd6 41. Re6 Qc7 42. Rxf6 gxf6 43. Be6+ Kg7 44. h6+ 1-0

[Event "74th UKR-ch"]
[Site "Rivne UKR"]
[Date "2005.09.01"]
[Round "5.1"]
[White "Neverov, Valeriy"]
[WhiteElo "2572"]
[Black "Borovikov, Vladislav"]
[BlackElo "2595"]
[Result "1/2-1/2"]
[EventDate "2005.08.??"]
[PlyCount "34"]

1. c4 c5 2. Nf3 Nc6 3. Nc3 e5 4. g3 g6 5. Bg2 Bg7 6. O-O d6 7. a3 a5 8. d3 Nge7 9. Bg5 f6 10. Bd2 O-O 11. Ne1 Be6 12. Nc2 d5 13. cxd5 Nxd5 14. Nxd5 Bxd5 15. Bxd5+ Qxd5 16. Ne3 Qe6 17. Rc1 b6 1/2-1/2

[Event "74th UKR-ch"]
[Site "Rivne UKR"]
[Date "2005.09.02"]
[Round "5.2"]
[White "Borovikov, Vladislav"]
[WhiteElo "2595"]
[Black "Neverov, Valeriy"]
[BlackElo "2572"]
[Result "1-0"]
[EventDate "2005.08.??"]
[PlyCount "77"]

1. d4 Nf6 2. Nf3 g6 3. c4 Bg7 4. g3 c6 5. Bg2 d5 6. b3 O-O 7. O-O Bf5 8. Bb2 a5 9. Nc3 Ne4 10. Rc1 Nxc3 11. Bxc3 Be4 12. e3 a4 13. Bh3 axb3 14. axb3 e6 15. Qe2 Qb6 16. Nd2 Ra2 17. Rfe1 Nd7 18. c5 Qc7 19. Ra1 Rfa8 20. Nxe4 Rxa1 21. Rxa1 Rxa1+ 22. Bxa1 dxe4 23. b4 h5 24. Bg2 f5 25. Qa2 Kf7 26. Bf1 Nf6 27. b5 cxb5 28. Bxb5 Nd5 29. Qa8 Qe7 30. Bb2 Bf8 31. Ba3 Nc7 32. Qxb7 Nxb5 33. Qxb5 Qa7 34. Bb2 Qa2 35. Kg2 Qb1 36. d5 exd5 37. Qd7+ Be7 38. Qxd5+ Kf8 39. c6 1-0